[Event "S60221 Summer Series"]
[Site "CCLA"]
[Date "2016.07.31"]
[Round "?"]
[White "Mann, Wallace"]
[Black "Zarges, Ron V."]
[Result "0-1"]
[WhiteElo "1528"]
[BlackElo "1655"]

1. e4 c5 2. d4 cxd4 3. c3 Nf6 4. Bd3 Nc6 5. Nf3 dxc3 6. Nxc3 d6 7. Bg5 e6 
8. Qe2 Be7 9. O-O O-O 10. Rad1 e5 11. a3 a6 12. h3 b5 13. Bb1 Bb7 14. Be3 
Nd7 15. Nd5 Na5 16. Nxe5 Bxd5 17. Nxd7 Bc4 0-1

[Event "S60221 Summer Series"]
[Site "CCLA"]
[Date "2016.07.31"]
[Round "?"]
[White "Mann, Wallace"]
[Black "McLaughlin, Ed"]
[Result "1-0"]
[WhiteElo "1528"]
[BlackElo "1633"]

1. e4 c5 2. d4 cxd4 3. c3 dxc3 4. Nxc3 a6 5. Bc4 e6 6. Nf3 b5 7. Bb3 Bb7 
8. Qe2 Nc6 9. O-O Qb6 10. e5 Nge7 11. Be3 Qc7 12. Bc5 Rc8 13. Ne4 Ng6 14. 
Bxf8 Kxf8 15. Nd6 Rb8 16. Rac1 Qb6 17. Rfd1 Ke7 18. Qd2 Ncxe5 19. Nxe5 
Nxe5 20. Qg5+ 1-0

[Event "S67049 Gustafson Memorial Open"]
[Site "CCLA"]
[Date "2016.11.20"]
[Round "?"]
[White "Ragan, Anthony"]
[Black "Cacas, Alexander"]
[Result "1-0"]
[WhiteElo "1799"]
[BlackElo "1878"]

1. e4 c5 2. d4 cxd4 3. c3 dxc3 4. Nxc3 Nc6 5. Nf3 d6 6. Bc4 e6 7. O-O Nf6 
8. Qe2 a6 9. Rd1 Qc7 10. Bf4 Nd7 11. Rac1 Qb8 12. b4 Nde5 13. Bxe5 dxe5 
14. Nd5 exd5 15. exd5 Bd6 16. dxc6 O-O 17. Ng5 g6 18. Bxf7+ Kg7 19. Bd5 
bxc6 20. Rxc6 Ra7 21. Nxh7 Rh8 22. Ng5 Qxb4 23. Bb3 Bb8 24. Bc2 Bf5 25. 
Bxf5 gxf5 26. Ne6+ Kf7 27. Qd3 Qg4 28. Qd5 Ke7 29. Nc7 Rxc7 30. Qe6+ Kf8 
31. Rd8+ 1-0

[Event "S60169 Server NA Class D Ch"]
[Site "CCLA"]
[Date "2016.05.12"]
[Round "?"]
[White "Simonson, Jay"]
[Black "Cangelosi, Dominic"]
[Result "0-1"]
[WhiteElo "1309"]
[BlackElo "1419"]

1. e4 c5 2. c3 b6 3. d4 e6 4. Nf3 Nf6 5. Bb5 Bb7 6. Nbd2 Nc6 7. Nc4 Nxe4 
8. O-O a6 9. Bxc6 Bxc6 10. Nfe5 Nd6 11. Nxd6+ Bxd6 12. Qe2 cxd4 13. cxd4 
Bb5 14. Nd3 Qh4 15. g3 Qh3 16. Qc2 O-O 17. Bf4 Rac8 18. Qb3 Bc4 19. Qc3 
Bd5 20. f3 Rxc3 21. bxc3 Be7 22. Bc7 Bc4 23. Rfd1 b5 24. Nf4 Qh6 25. Re1 
g5 26. Ng2 Rc8 27. Ba5 g4 28. f4 Qg6 29. Ne3 f5 30. Nxc4 bxc4 31. Rab1 Bd8
32. Bb4 h5 33. Bc5 h4 34. Kf2 Kf7 35. Rb4 Be7 36. Bxe7 Kxe7 37. d5 hxg3+ 
38. Kxg3 Rh8 39. dxe6 dxe6 40. Rb7+ Kf6 41. Rb6 Re8 42. Rxa6 Qh6 43. Re5 
Qh3+ 44. Kf2 Qxh2+ 45. Ke3 g3 46. Kd4 g2 0-1

[Event "S60169 Server NA Class D Ch"]
[Site "CCLA"]
[Date "2016.05.12"]
[Round "?"]
[White "Simonson, Jay"]
[Black "Acebo, Brian"]
[Result "0-1"]
[WhiteElo "1309"]
[BlackElo "1376"]

1. e4 c5 2. c3 Nc6 3. d4 cxd4 4. cxd4 d6 5. Nf3 Nf6 6. Nc3 e6 7. Be2 Be7 
8. O-O O-O 9. Bf4 Nh5 10. Qd2 Nxf4 11. Qxf4 h6 12. Nh4 Nxd4 13. Rac1 Bxh4 
14. Rcd1 Nxe2+ 15. Nxe2 Be7 16. Qf3 Rb8 17. Nf4 b6 18. Qg3 Bb7 19. e5 Qc7 
20. Nh5 g6 21. exd6 Bxd6 22. Nf6+ Kg7 23. Qh4 g5 24. Qd4 Be5 25. Qd7 Qxd7 
26. Nxd7 Rbd8 27. Nxe5 Rxd1 28. Rxd1 Bd5 29. b3 Rc8 30. f3 f6 31. Nd3 a5 
32. a4 Bxb3 33. Rd2 Bxa4 34. Re2 Rc6 35. g4 Bb5 36. Rd2 Bxd3 37. Rxd3 b5 
38. h3 b4 39. Rd7+ Kg6 40. Ra7 Rc5 41. Ra6 e5 42. Rb6 h5 43. Kf2 h4 44. 
Ke3 Rc3+ 45. Kd2 Rxf3 46. Ra6 Rxh3 47. Rxa5 Rg3 48. Ra8 Rxg4 49. Rg8+ Kf7 
50. Rb8 h3 0-1

[Event "S67049 Gustafson Memorial Open"]
[Site "CCLA"]
[Date "2016.11.20"]
[Round "?"]
[White "Thomas, Gerald K."]
[Black "Cacas, Alexander"]
[Result "0-1"]
[WhiteElo "1943"]
[BlackElo "1878"]

1. e4 c5 2. c3 d5 3. exd5 Qxd5 4. Nf3 Nf6 5. d4 e6 6. Na3 Qd8 7. Nc2 Nc6 
8. Bf4 cxd4 9. Ncxd4 Nxd4 10. Nxd4 Bc5 11. Bg5 O-O 12. Be2 Be7 13. O-O a6 
14. Nf3 Qc7 15. Qc2 Bd7 16. Bd3 h6 17. Bh4 Bc6 18. Bg3 Bd6 19. Bxd6 Qxd6 
20. Rad1 Qc7 21. Rfe1 Bxf3 22. gxf3 Rfd8 23. Rd2 Rac8 24. Be4 Nxe4 25. 
fxe4 Qf4 26. Rxd8+ Rxd8 27. Re3 Qd6 28. Kg2 Qd2 29. Re2 Qg5+ 30. Kh1 e5 
31. Re3 Rd6 32. Rg3 Qd2 33. Qb1 Qxf2 34. Rg2 Qf3 0-1

[Event "S60211 Summer Series"]
[Site "CCLA"]
[Date "2016.07.31"]
[Round "?"]
[White "Thomas, Gerald K."]
[Black "Zaas, Joel"]
[Result "0-1"]
[WhiteElo "1901"]
[BlackElo "2076"]

1. e4 c5 2. c3 d5 3. exd5 Qxd5 4. d4 Nf6 5. Nf3 Nc6 6. dxc5 Qxd1+ 7. Kxd1 
e5 8. b4 Bf5 9. Bb5 Be7 10. Bb2 Nd5 11. Bxc6+ bxc6 12. Nxe5 O-O-O 13. Nd2 
Bf6 14. Re1 Nf4 15. g4 Bxe5 16. Rxe5 Bg6 17. Bc1 h5 18. g5 h4 19. c4 Rh5 
0-1

[Event "S60139 Server NA Class A Ch"]
[Site "CCLA"]
[Date "2016.05.12"]
[Round "?"]
[White "Evans, Stanley W."]
[Black "Zaas, Joel"]
[Result "0-1"]
[WhiteElo "1882"]
[BlackElo "1924"]

1. e4 c5 2. c3 Nf6 3. e5 Nd5 4. d4 cxd4 5. cxd4 d6 6. Nf3 Nc6 7. Bc4 Nb6 
8. Bb3 dxe5 9. d5 Na5 10. Nc3 f6 11. O-O Nxb3 12. Qxb3 e6 13. dxe6 Qd6 14.
 Nb5 Qc6 15. Re1 a6 16. e7 Qxb5 17. exf8=Q+ Kxf8 18. Qd1 Kf7 19. Be3 Nd5 
20. a4 Qd7 21. Qb3 Qe6 22. Rad1 Nxe3 23. Qxe3 Rf8 24. a5 Kg8 25. Nd4 Qc4 
26. Nb3 Bf5 27. Rc1 Qb4 28. Qc3 Qxc3 29. Rxc3 Rfd8 30. h3 h5 31. Rec1 Rac8
32. Nc5 Rc7 33. f3 Rd6 34. Ne4 Rxc3 35. Rxc3 Rd1+ 36. Kf2 Bxe4 37. fxe4 
Rd2+ 38. Kf3 Rxb2 0-1

[Event "S60211 Summer Series"]
[Site "CCLA"]
[Date "2016.07.31"]
[Round "?"]
[White "Thomas, Gerald K."]
[Black "Kappel, Ray D."]
[Result "1-0"]
[WhiteElo "1901"]
[BlackElo "1657"]

1. e4 c5 2. c3 Nf6 3. e5 Nd5 4. d4 cxd4 5. Nf3 Nc6 6. cxd4 d6 7. Bc4 Nb6 
8. Bb5 dxe5 9. Nxe5 Bd7 10. Bxc6 Bxc6 11. Nxc6 bxc6 12. O-O e6 13. Bf4 Bd6
14. Bxd6 Qxd6 15. Qc2 h5 16. Nd2 h4 17. h3 Rh6 18. Rfd1 g5 19. Rac1 Rc8 
20. Ne4 Qe7 21. Qc5 Qxc5 22. dxc5 Nd5 23. Nd6+ Kd7 24. Nxc8 Kxc8 25. Rc4 
Rg6 26. Ra4 Kb7 27. Rd3 Rf6 28. Rda3 1-0

[Event "S60211 Summer Series"]
[Site "CCLA"]
[Date "2016.07.31"]
[Round "?"]
[White "Thomas, Gerald K."]
[Black "Jarmuz, Frederick"]
[Result "1/2-1/2"]
[WhiteElo "1901"]
[BlackElo "1965"]

1. e4 c5 2. c3 Nf6 3. e5 Nd5 4. d4 cxd4 5. Nf3 Nc6 6. cxd4 d6 7. Bc4 e6 8.
 O-O Be7 9. Bd2 O-O 10. Nc3 dxe5 11. dxe5 Nb6 12. Bb5 a6 13. Bxc6 bxc6 14.
 Qc2 Nd5 15. Ne4 Bb7 16. Bg5 c5 17. Bxe7 Nxe7 18. Rfe1 Rc8 19. Nd6 Rb8 20.
 Nxb7 Rxb7 21. b3 Rc7 22. Re4 Nd5 23. Rc1 h6 24. h3 Qb8 25. Rc4 Rd7 26. a3
Rc7 27. Qb2 Nb6 28. Rg4 Rd8 29. Qc2 Rd5 30. Qe4 Qd8 31. Qf4 Kh8 32. Qg3 
Qf8 33. Ne1 Rcd7 34. Qc3 Qd8 35. Rg3 g6 36. Re3 Kg7 37. Qc2 1/2-1/2

[Event "S60299 Regular Quad"]
[Site "CCLA"]
[Date "2017.01.07"]
[Round "?"]
[White "Acosta, Errol"]
[Black "Williams, Rufus H."]
[Result "1-0"]
[WhiteElo "1490"]
[BlackElo "1375"]

1. e4 c5 2. Nc3 d6 3. f4 Nf6 4. d3 e6 5. Nf3 Nc6 6. Be2 e5 7. O-O Nd4 8. 
Be3 Be6 9. f5 Nxe2+ 10. Nxe2 Bd7 11. h3 Be7 12. c3 O-O 13. Ng3 Bc6 14. c4 
d5 15. cxd5 Bxd5 16. exd5 Qxd5 17. Ng5 b6 18. N5e4 Nxe4 19. Nxe4 Rac8 20. 
f6 Bxf6 21. Nxf6+ gxf6 22. Bh6 Qd4+ 23. Kh1 Qh4 24. Bxf8 Rxf8 25. Rf5 Kh8 
26. Qf3 Rg8 27. Rf1 Rg6 28. Rh5 Qd4 29. Qf5 Kg7 30. Rf2 Qd6 31. h4 Qe6 32.
 Qf3 Qg4 33. Qxg4 Rxg4 34. Kh2 Rf4 35. Rxf4 exf4 36. Rf5 Kg6 37. Rxf4 f5 
38. g4 fxg4 39. Rxg4+ Kf6 40. Kg3 h6 41. Rg8 Kf5 42. Ra8 Ke5 43. Rxa7 1-0

[Event "S60169 Server NA Class D Ch"]
[Site "CCLA"]
[Date "2016.05.12"]
[Round "?"]
[White "Acosta, Errol"]
[Black "Simonson, Jay"]
[Result "1-0"]
[WhiteElo "1494"]
[BlackElo "1309"]

1. e4 c5 2. Nc3 d6 3. f4 Nc6 4. Nf3 g6 5. Bc4 Bg7 6. d3 Nf6 7. O-O O-O 8. 
h3 Nh5 9. Qe1 Nd4 10. Nxd4 cxd4 11. Ne2 Qb6 12. Kh2 e5 13. f5 gxf5 14. 
exf5 e4 15. dxe4 Be5+ 16. Kh1 Qc6 17. Bd5 Qa6 18. g4 Ng7 19. Bf4 d3 20. 
cxd3 Qxd3 21. Bxe5 dxe5 22. Ng3 Rb8 23. Rd1 Qc2 24. f6 Ne8 25. Qe3 h6 26. 
Qxh6 Bxg4 27. Qg5+ Kh7 28. Qh4+ Kg6 29. Qxg4+ 1-0

[Event "S60211 Summer Series"]
[Site "CCLA"]
[Date "2016.07.31"]
[Round "?"]
[White "Shannon, Paul D."]
[Black "Jarmuz, Frederick"]
[Result "0-1"]
[WhiteElo "1828"]
[BlackElo "1965"]

1. e4 c5 2. Nc3 Nc6 3. f4 e6 4. Nf3 d5 5. Bb5 Nf6 6. Qe2 Be7 7. e5 Nd7 8. 
Bxc6 bxc6 9. O-O Qb6 10. Qf2 c4 11. d4 cxd3 12. cxd3 Ba6 13. Rd1 Qxf2+ 14.
 Kxf2 O-O 15. b3 f6 16. Kg1 fxe5 17. fxe5 Rxf3 18. gxf3 Nxe5 19. d4 Nxf3+ 
20. Kg2 Rf8 21. Be3 Nh4+ 22. Kh1 Rf3 23. Re1 Nf5 24. Nd1 Bb4 0-1

[Event "S60211 Summer Series"]
[Site "CCLA"]
[Date "2016.07.31"]
[Round "?"]
[White "Shannon, Paul D."]
[Black "Kappel, Ray D."]
[Result "1-0"]
[WhiteElo "1828"]
[BlackElo "1657"]

1. e4 c5 2. Nc3 Nc6 3. f4 g6 4. Nf3 Bg7 5. Bc4 e6 6. O-O Nge7 7. d3 d5 8. 
Bb3 O-O 9. Qe1 Nd4 10. Nxd4 Bxd4+ 11. Kh1 Bg7 12. a4 a6 13. f5 exf5 14. 
exd5 h6 15. Qg3 b6 16. d6 Nc6 17. Qxg6 Qf6 18. Qxf6 Bxf6 19. Bxh6 Rd8 20. 
Bf4 Be6 21. Bxe6 fxe6 22. Rae1 1-0

[Event "S60319 Regular Quad"]
[Site "CCLA"]
[Date "2017.01.07"]
[Round "?"]
[White "Acosta, Errol"]
[Black "Moujan, Pablo"]
[Result "0-1"]
[WhiteElo "1490"]
[BlackElo "1519"]

1. e4 c5 2. Nc3 Nc6 3. f4 g6 4. Nf3 Bg7 5. Bc4 e6 6. O-O Nge7 7. d3 d5 8. 
exd5 exd5 9. Bb3 O-O 10. Ne2 Bg4 11. Ng3 Nd4 12. h3 Nxf3+ 13. gxf3 Bxh3 
14. Rf2 Qb6 15. Kh2 Bd7 16. Kh1 Qe6 17. Rh2 b5 18. Bd2 c4 19. dxc4 bxc4 
20. Bc3 Bxc3 21. bxc3 cxb3 22. axb3 Nf5 23. Qg1 a6 24. Re1 Nxg3+ 25. Qxg3 
Qc6 26. Qh4 h5 27. Rg1 Qxc3 28. Qxh5 Qg7 29. Qxd5 Be6 30. Qg5 Bf5 31. Re2 
Rae8 32. Reg2 Bd7 33. f5 Re5 34. Qd2 Bxf5 35. f4 Re6 36. Rg5 Be4+ 37. Kh2 
Rc8 38. c4 Rb6 39. R1g3 Qf6 40. Qd7 Rd8 41. Qh3 Rd2+ 42. Rg2 Qxf4+ 43. Rg3
Rxg2+ 0-1

[Event "S60211 Summer Series"]
[Site "CCLA"]
[Date "2016.07.31"]
[Round "?"]
[White "Shannon, Paul D."]
[Black "Zaas, Joel"]
[Result "0-1"]
[WhiteElo "1828"]
[BlackElo "2076"]

1. e4 c5 2. Nc3 Nc6 3. f4 g6 4. Nf3 Bg7 5. Bb5 Nd4 6. O-O Nxb5 7. Nxb5 d5 
8. e5 a6 9. Nc3 Bg4 10. Qe1 Nh6 11. d3 Bxf3 12. Rxf3 O-O 13. Bd2 f6 14. 
Rh3 fxe5 15. fxe5 Ng4 16. Qh4 h5 17. Qg5 Nxe5 18. Re1 Rf5 19. Qh4 Bf6 20. 
Qg3 Ng4 21. Nd1 Bd4+ 22. Kh1 Qf8 23. Ne3 Bxe3 24. Bxe3 Rf1+ 25. Rxf1 Qxf1+
26. Bg1 Rf8 0-1

[Event "S60179 Regular Quad"]
[Site "CCLA"]
[Date "2016.05.12"]
[Round "?"]
[White "Williams, Rufus H."]
[Black "Cornacchio, Patrick T."]
[Result "1/2-1/2"]
[WhiteElo "1375"]
[BlackElo "1600"]

1. e4 c5 2. Nf3 g6 3. Bc4 e6 4. Nc3 Bg7 5. d3 h6 6. Be3 d6 7. Bb3 e5 8. 
Nd5 Nf6 9. c4 Nbd7 10. O-O O-O 11. Qd2 Ng4 12. h3 Nxe3 13. Qxe3 Nf6 14. 
Bc2 Bd7 15. b3 b5 16. a3 Bc6 17. Rfd1 Qd7 18. a4 a6 19. a5 Bxd5 20. exd5 
Rfe8 21. Re1 bxc4 22. dxc4 Re7 23. Qd3 Nh5 24. Nh4 Nf4 25. Qg3 g5 26. Nf5 
Ree8 27. Nxg7 Kxg7 28. Qg4 Qxg4 29. hxg4 Re7 30. f3 Rb8 31. Rab1 Rbb7 32. 
Kh2 Rb8 33. Kh1 Rh8 34. b4 h5 35. b5 Rh6 36. b6 Rb7 37. gxh5 Rxh5+ 38. Kg1
Kf6 39. Be4 Kg7 40. Rb2 Kf6 1/2-1/2

[Event "S60051 Winter Series"]
[Site "CCLA"]
[Date "2016.01.28"]
[Round "?"]
[White "Laaman, Thomas"]
[Black "Disque, Philip"]
[Result "0-1"]
[WhiteElo "1633"]
[BlackElo "1663"]

1. e4 c5 2. Nf3 g6 3. Bd3 Bg7 4. O-O Nc6 5. c3 e5 6. Re1 Nge7 7. Bc2 O-O 
8. d3 Qc7 9. Nbd2 d6 10. h3 b5 11. a3 a5 12. Nf1 d5 13. Ng3 d4 14. cxd4 
Nxd4 15. Be3 Nec6 16. Rc1 Nxf3+ 17. Qxf3 Nd4 18. Bxd4 exd4 19. Bb3 Be6 20.
 Bxe6 fxe6 21. Qe2 Qe5 22. Rc2 Rac8 23. Qd2 Qc7 24. Rec1 Qb6 25. b4 axb4 
26. axb4 c4 27. dxc4 Qb7 28. c5 Rc6 29. Ra1 d3 30. Rca2 Bxa1 31. Rxa1 Rd8 
32. e5 Ra6 33. Rxa6 Qxa6 34. Ne4 Qa1+ 35. Kh2 Qxe5+ 36. Ng3 Rd4 37. Kg1 
Qd5 38. Nf1 Qe4 39. Ng3 Qf4 40. Qd1 Rxb4 41. Qxd3 Qc1+ 42. Kh2 Qxc5 43. 
Qd8+ Qf8 44. Qd7 Qf7 45. Qc8+ Qf8 46. Qxe6+ Kg7 47. Qe5+ Kh6 48. Qe3+ Qf4 
49. Qe7 Rc4 50. Qb7 b4 51. Qb5 Rc2 0-1

[Event "S60169 Server NA Class D Ch"]
[Site "CCLA"]
[Date "2016.05.12"]
[Round "?"]
[White "Bearce, Harold L."]
[Black "Simonson, Jay"]
[Result "0-1"]
[WhiteElo "1095"]
[BlackElo "1309"]

1. e4 c5 2. Nf3 g6 3. d4 Bg7 4. dxc5 Qa5+ 5. Nfd2 Qxc5 6. Nc3 Bxc3 7. bxc3
Nf6 8. Bb2 O-O 9. Bd3 d6 10. O-O Qg5 11. Re1 Bh3 12. g3 Ng4 13. f3 Ne3 14.
 Qc1 Ng2 15. Re2 Qc5+ 16. Kh1 Qg5 17. Rxg2 Bxg2+ 18. Kxg2 Qe3 19. Qe1 Qb6 
20. Rb1 Qa5 21. a3 Nc6 22. Qe2 Qh5 23. Nb3 Ne5 24. Rd1 f6 25. Nd4 Rfc8 26.
 c4 Nf7 27. c3 Rc5 28. Bc1 Ra5 29. Qb2 Ng5 30. Bxg5 Qxg5 31. Qxb7 Re8 32. 
Qb3 Qh5 33. Nc6 Rc5 34. Nxa7 Kf7 35. Nb5 Rg8 36. Be2 Rg5 37. a4 Rc5 38. a5
Rg5 39. a6 Rc5 40. a7 Ra8 41. h4 f5 42. Qa3 f4 43. Qa5 fxg3 44. Kxg3 g5 
45. hxg5 Rxg5+ 46. Kf2 Qh2+ 47. Ke3 Qg2 48. Nc7 Rxa5 49. Nxa8 Rxa7 50. Nb6
Ra2 51. Re1 Qg5+ 52. Kd4 Qc5+ 53. Kd3 Qxb6 0-1

[Event "S60221 Summer Series"]
[Site "CCLA"]
[Date "2016.07.31"]
[Round "?"]
[White "Zarges, Ron V."]
[Black "McLaughlin, Ed"]
[Result "0-1"]
[WhiteElo "1655"]
[BlackElo "1633"]

1. e4 c5 2. Nf3 a6 3. c3 b5 4. d4 Bb7 5. Bd3 d6 6. O-O Nd7 7. Bg5 Ngf6 8. 
Qe2 h6 9. Bxf6 Nxf6 10. dxc5 dxc5 11. Rd1 Qb6 12. Nbd2 c4 13. Bc2 e6 14. 
Nf1 Be7 15. e5 Nd5 16. Rd2 Nf4 17. Qd1 Bc5 18. Ng3 O-O 19. Be4 Rad8 20. 
Nd4 Bxe4 21. Nxe4 Bxd4 22. cxd4 Rxd4 23. Qf3 Rxd2 24. Nxd2 Nd3 25. b3 Nxe5
26. Qe2 Qd4 27. Re1 Nd3 28. Rd1 Rd8 0-1

[Event "S67089 Gustafson Memorial Open"]
[Site "CCLA"]
[Date "2016.11.20"]
[Round "?"]
[White "Hadley, Douglas R."]
[Black "McLaughlin, Ed"]
[Result "0-1"]
[WhiteElo "1606"]
[BlackElo "1635"]

1. e4 c5 2. Nf3 a6 3. c3 b5 4. d4 e6 5. Bd3 Nc6 6. O-O Bb7 7. Be3 Qb6 8. 
Re1 Nf6 9. Nbd2 Be7 10. h3 O-O 11. b3 Rac8 12. Rb1 cxd4 13. cxd4 Qa5 14. 
Rb2 Ba3 15. Rb1 Nb4 16. Qe2 Nxa2 17. Qf1 Nb4 18. Ra1 Nxd3 19. Qxd3 b4 20. 
Nc4 Qb5 21. Nfe5 Bxe4 22. Qe2 Bc6 23. Nxa3 Qxe2 24. Rxe2 bxa3 25. Nxc6 
Rxc6 26. Rxa3 h6 27. Rea2 Rb8 28. Rxa6 Rxa6 29. Rxa6 Rxb3 30. Ra8+ Kh7 31.
 Ra7 Kg6 32. Kf1 Nd5 33. Rxd7 Nxe3+ 34. fxe3 Rxe3 35. Kf2 Rd3 36. Ke2 Rg3 
37. Kf2 Rg5 38. Kf3 Rd5 39. Rxd5 exd5 40. Kg4 f5+ 41. Kf4 Kf6 42. g3 g5+ 
43. Kf3 Ke6 44. Ke3 Kd6 45. Kd2 Kc6 46. Kd3 Kb5 47. Kc3 Ka4 48. Kc2 Kb4 
49. Kd2 Kc4 50. Ke3 Kc3 51. Ke2 Kxd4 52. Kd2 Ke4 53. Ke2 f4 54. gxf4 gxf4 
55. h4 d4 56. h5 f3+ 57. Kf2 d3 58. Ke1 Ke3 0-1

[Event "S60051 Winter Series"]
[Site "CCLA"]
[Date "2016.01.28"]
[Round "?"]
[White "Laaman, Thomas"]
[Black "Greco, Tom"]
[Result "1/2-1/2"]
[WhiteElo "1633"]
[BlackElo "1668"]

1. e4 c5 2. Nf3 Nc6 3. Bd3 d5 4. exd5 Nb4 5. Bb5+ Bd7 6. Bxd7+ Qxd7 7. c4 
Qf5 8. Na3 Nd3+ 9. Kf1 g6 10. Nb5 Qd7 11. Qc2 Nb4 12. Qe4 Nf6 13. Qb1 Bg7 
14. a3 Na6 15. d3 Nc7 16. Nc3 O-O 17. Ne5 Qf5 18. d4 Qxb1 19. Rxb1 cxd4 
20. Ne2 Nfxd5 21. Nf3 d3 22. Nf4 Nxf4 23. Bxf4 Rac8 24. b3 Ne6 25. Be3 Nc5
26. Bxc5 Rxc5 27. Rd1 Rd8 28. Ne1 d2 29. Nf3 Bc3 30. h4 b5 31. cxb5 Rxb5 
32. Rh3 h6 33. Ke2 Rbd5 34. g4 f5 35. gxf5 gxf5 36. Rg1+ Kf7 37. Kd1 f4 
38. h5 R8d6 39. Ng5+ Rxg5 40. Rxg5 hxg5 41. Rxc3 g4 42. Rc4 Rf6 43. Kxd2 
Rf5 44. b4 e5 45. Rc7+ Kg8 46. h6 Rh5 47. Rg7+ Kf8 48. Rxg4 Rxh6 49. Rg5 
Re6 50. Kd3 e4+ 51. Ke2 Kf7 52. Ra5 a6 53. a4 Rb6 54. b5 axb5 55. axb5 Ke7
56. Ra4 Rxb5 57. Rxe4+ Kd6 58. Kf3 Rf5 59. Kg4 Rf8 60. Rxf4 Rg8+ 61. Kf3 
Ke5 62. Ke3 Rg5 63. Rf8 Rg1 64. Kf3 Rg5 65. Ke3 Rg1 66. Kf3 1/2-1/2

[Event "S60201 Summer Series"]
[Site "CCLA"]
[Date "2016.07.31"]
[Round "?"]
[White "Traxler, Alex"]
[Black "Clancey, James"]
[Result "0-1"]
[WhiteElo "2137"]
[BlackElo "2039"]
[Termination "abandoned"]

1. e4 c5 2. Nf3 Nc6 3. Nc3 e6 4. Bb5 Nd4 5. O-O Nxb5 6. Nxb5 a6 7. Nc3 b5 
8. d4 cxd4 9. Qxd4 Bb7 10. Bg5 Ne7 11. a4 f6 12. Bf4 e5 13. Nxe5 fxe5 14. 
Qxe5 d6 0-1

[Event "S60041 Winter Series"]
[Site "CCLA"]
[Date "2016.01.28"]
[Round "?"]
[White "Catania, Duane"]
[Black "Zarges, Ron V."]
[Result "1/2-1/2"]
[WhiteElo "1779"]
[BlackElo "1655"]

1. e4 c5 2. Nf3 Nc6 3. Bb5 e6 4. O-O Nge7 5. c3 Qb6 6. Qe2 Ng6 7. d4 cxd4 
8. cxd4 Be7 9. Nc3 O-O 10. Rd1 d6 11. Be3 Qc7 12. Rac1 Qd8 13. a3 a6 14. 
Bd3 Bd7 15. Bb1 Rc8 16. d5 Nce5 17. Nxe5 Nxe5 18. f4 Nc4 19. Bd4 e5 20. 
fxe5 dxe5 21. Bf2 Nd6 22. Kh1 Bg5 23. Rc2 Nc4 24. Qf3 f5 25. Qe2 f4 26. 
Ba2 Nd6 27. Qf3 Bh4 28. Qh5 Bxf2 29. Rxf2 Qe7 30. Rdf1 Be8 31. Qh3 Bd7 32.
 Qh5 Be8 33. Qh3 1/2-1/2

[Event "S60071 Winter Series"]
[Site "CCLA"]
[Date "2016.01.28"]
[Round "?"]
[White "Bearce, Harold L."]
[Black "Rietema, Alexander"]
[Result "0-1"]
[WhiteElo "1032"]
[BlackElo "1318"]

1. e4 c5 2. Nf3 Nc6 3. d4 cxd4 4. Nxd4 e5 5. Nxc6 bxc6 6. Bd3 Nf6 7. Nc3 
Bb4 8. Bd2 O-O 9. O-O Bb7 10. h3 d6 11. a3 Bxc3 12. Bxc3 Re8 13. b4 d5 14.
 exd5 cxd5 15. Bb2 d4 16. Re1 Rc8 17. Qd2 Qd5 18. Bf1 Ne4 19. Qe2 Ng5 20. 
f3 Re6 21. Qd2 Nxf3+ 22. gxf3 Rg6+ 23. Kf2 Qxf3# 0-1

[Event "S60021 Winter Series"]
[Site "CCLA"]
[Date "2016.01.28"]
[Round "?"]
[White "Quirk, Michael"]
[Black "O'Keefe, Michael J."]
[Result "1/2-1/2"]
[WhiteElo "2166"]
[BlackElo "2074"]

1. e4 c5 2. Nf3 Nc6 3. d4 cxd4 4. Nxd4 g6 5. c4 Nf6 6. Nc3 d6 7. Be2 Nxd4 
8. Qxd4 Bg7 9. Be3 O-O 10. Qd2 Be6 11. O-O Qa5 12. Rab1 Rfc8 13. b3 Nd7 
14. Rfc1 a6 15. b4 Qd8 16. Nd5 a5 17. bxa5 Bxd5 18. exd5 Qxa5 19. Qxa5 
Rxa5 20. Rxb7 Nc5 21. Bxc5 Rcxc5 22. Rb8+ Bf8 23. Rc2 Ra4 24. g4 Rca5 25. 
f4 Rxa2 26. Rxa2 Rxa2 27. Kf1 Ra1+ 28. Kf2 f6 29. Rb3 Bh6 30. Kf3 Rh1 31. 
Rb7 Kf8 32. Kg2 Ra1 33. f5 Ra2 34. Kf2 Bf4 35. h4 Ra3 36. h5 Be3+ 37. Kg2 
gxf5 38. gxf5 Bf4 39. Kf2 Bg3+ 40. Kf1 Be5 41. Rb8+ Kg7 42. Re8 1/2-1/2

[Event "S60221 Summer Series"]
[Site "CCLA"]
[Date "2016.07.31"]
[Round "?"]
[White "Zarges, Ron V."]
[Black "Mann, Wallace"]
[Result "1-0"]
[WhiteElo "1655"]
[BlackElo "1528"]

1. e4 c5 2. Nf3 g6 3. d4 cxd4 4. Nxd4 Bg7 5. c4 Nc6 6. Be3 Nh6 7. Be2 O-O 
8. Qd2 Nxd4 9. Bxd4 f6 10. Be3 Nf7 11. Nc3 d6 12. O-O f5 13. exf5 Bxf5 14.
 Bf3 Qd7 15. Rad1 Ne5 16. Qd5+ Kh8 17. Be2 Be6 18. Qb5 Qc8 19. Nd5 Rf7 20.
 b3 Bd7 21. Qb4 Nc6 22. Qd2 e6 23. Nc3 Bf8 24. Ne4 d5 25. Ng5 Rg7 26. cxd5
exd5 27. Qxd5 Qe8 28. Bb5 a6 29. Bxc6 bxc6 30. Qd4 c5 31. Qc3 h6 32. Nf3 
Kh7 33. Bxc5 Rc8 34. b4 Bg4 35. Rc1 Rgc7 36. Rfe1 Qb5 37. Qf6 Bg7 38. Qf4 
Bh5 39. g4 g5 40. Qc4 Be8 41. Qxb5 Bxb5 42. Be3 1-0

[Event "S60169 Server NA Class D Ch"]
[Site "CCLA"]
[Date "2016.05.12"]
[Round "?"]
[White "Henriques, Keith"]
[Black "Williams, Rufus H."]
[Result "0-1"]
[WhiteElo "1250"]
[BlackElo "1326"]

1. e4 c5 2. Nc3 Nc6 3. Nf3 e6 4. d3 Nf6 5. Be3 b6 6. h3 Be7 7. a3 Ba6 8. 
Be2 d5 9. e5 Ng8 10. O-O Nh6 11. h4 Bxh4 12. g3 Be7 13. Bxh6 gxh6 14. d4 
Bxe2 15. Nxe2 Qd7 16. c3 cxd4 17. cxd4 O-O-O 18. Rc1 Rhg8 19. Nc3 h5 20. 
Nb5 Kb7 21. Qa4 Ra8 22. Rc3 h4 23. Rfc1 Rgc8 24. gxh4 h5 25. Qc2 a6 26. 
Rxc6 Rxc6 27. Qd1 axb5 28. Rb1 Rg8+ 29. Kf1 Qd8 30. Qd3 Bxh4 31. Ke2 Rg2 
32. Qd1 Rxf2+ 33. Ke3 Qg8 34. Qg1 Qxg1 35. Rxg1 Rxb2 36. Nxh4 Rc3+ 37. Kf4
Rf2+ 38. Kg5 Rxa3 39. Kxh5 b4 40. Rg7 b3 41. Rh7 b2 42. Rg7 b1=Q 43. Rxf7+
Rxf7 44. Kg4 Qg1+ 45. Kh5 Rh7# 0-1

[Event "S60279 Premier Quad"]
[Site "CCLA"]
[Date "2017.01.07"]
[Round "?"]
[White "Stevens, Daniel L."]
[Black "Shannon, Paul D."]
[Result "0-1"]
[WhiteElo "1743"]
[BlackElo "1828"]

1. e4 e6 2. d4 c5 3. Nf3 cxd4 4. c3 d3 5. Bxd3 Nc6 6. O-O Qc7 7. Nd4 a6 8.
 Nd2 Nf6 9. f4 Bc5 10. Nb3 Ba7 11. Kh1 d6 12. e5 Nd5 13. a3 Nxd4 14. cxd4 
Bd7 15. a4 O-O 16. Bd2 dxe5 17. fxe5 f5 18. Qe1 Bc6 19. Rc1 Qf7 20. a5 Qg6
21. Qg3 Qh5 22. Qf3 Qg6 23. Qg3 Qxg3 24. hxg3 Rad8 25. Bxa6 Ba4 26. Bc4 
Bxb3 27. Bxb3 Bxd4 28. Bc3 Bxc3 29. bxc3 Rf7 30. Rfd1 Rfd7 31. Ba4 Rc7 32.
 c4 Rdc8 33. Bb5 Ne3 34. Rd3 Ng4 35. Kg1 Nxe5 36. Re3 Rc5 37. a6 bxa6 38. 
Bxa6 R8c6 39. Bb7 Rb6 40. Ba8 Kf7 41. Bf3 Rxc4 0-1

[Event "S67059 Gustafson Memorial Open"]
[Site "CCLA"]
[Date "2016.11.20"]
[Round "?"]
[White "Catania, Duane"]
[Black "Petty, Kirk D."]
[Result "1-0"]
[WhiteElo "1779"]
[BlackElo "1734"]

1. e4 c5 2. Nf3 e6 3. d4 cxd4 4. Nxd4 Bc5 5. Be2 Qb6 6. Be3 Nf6 7. Nb5 
Nxe4 8. Bxc5 Qxc5 9. O-O O-O 10. N1c3 Nxc3 11. Nxc3 Nc6 12. Ne4 Qb4 13. 
Bd3 1-0

[Event "S60199 Premier Quad"]
[Site "CCLA"]
[Date "2016.07.31"]
[Round "?"]
[White "Catania, Duane"]
[Black "Silverman, Robert"]
[Result "1-0"]
[WhiteElo "1779"]
[BlackElo "1897"]

1. e4 c5 2. Nf3 e6 3. d4 cxd4 4. Nxd4 Nf6 5. Bd3 d6 6. O-O Be7 7. Nc3 O-O 
8. Kh1 Nbd7 9. f4 Qc7 10. Nb3 a6 11. Qf3 b6 12. Qh3 b5 13. Be3 b4 14. Ne2 
e5 15. Qg3 Bb7 16. Nd2 d5 17. fxe5 g6 18. exf6 Qxg3 19. Nxg3 Bxf6 20. Rab1
Bg7 21. exd5 Rfe8 22. Bg1 Bxd5 23. b3 a5 24. Nc4 f5 25. Rbe1 Rf8 26. Nb6 
Nxb6 27. Bxb6 Rfb8 28. Bc7 Rb7 29. Be5 a4 30. Bxg7 Kxg7 31. Re5 Rd8 32. 
Rfe1 axb3 33. axb3 Bf7 34. h3 Bxb3 35. Bxf5 Bf7 36. Bd3 b3 37. Be4 1-0